| 000 | 00386nam a22001697a 4500 | ||
|---|---|---|---|
| 005 | 20230526144836.0 | ||
| 008 | 230526b |||||||| |||| 00| 0 eng d | ||
| 020 | _a9781486004027 | ||
| 082 |
_a371.302 _bREF-A |
||
| 100 | _aReference Guide | ||
| 245 | _aAcu Study Guide | ||
| 250 | _a3rd | ||
| 260 |
_aMalaysia _bACU _c2012 |
||
| 300 | _a172 | ||
| 650 | _aStudy Skills | ||
| 999 |
_c18535 _d18535 |
||